SEC Champions (1933 - 2024) - Statistics

General Stats
  • This quiz has been taken 70 times
  • The average score is 92 of 103
Answer Stats
Hint Answer % Correct
1942 | 1946 | 1948 | +10 others Georgia
100%
1933 | 1934 | 1937 | +26 others Alabama
98%
1984* | 1991 | 1993 | +6 others Florida
95%
1935 | 1936 | 1958 | +7 others LSU
95%
1947 | 1954 | 1955 | +3 others Ole Miss
88%
1957 | 1983 | 1987 | +4 others Auburn
86%
1939 Tennessee
84%
1938 | 1940 | 1956 | +7 others Tennessee
84%
Kentucky
70%
1941 Mississippi St
67%
1943 | 1944 | 1951 | 1952 Georgia Tech
44%
1949 Tulane
44%
No matching quizzes found
Score Distribution
Percent of People with Each Score
Percentile by Number Answered
Your Score History
You have not taken this quiz